|
|
|
|
| LEADER |
01036nam a2200265 u 4500 |
| 001 |
10038342 |
| 003 |
upatras |
| 005 |
20220104122635.0 |
| 008 |
001219s1997 uk eng |
| 020 |
|
|
|a 0471976873
|
| 040 |
|
|
|a GR-PaULI
|c GR-PaULI
|
| 041 |
0 |
|
|a eng
|
| 082 |
0 |
4 |
|a 724.6
|
| 245 |
1 |
0 |
|a Theories and manifestoes of contemporary architecture
|c edited by Charles Jencks and Karl Kropf
|
| 260 |
|
|
|a London
|b Academy Editions
|c 1997
|
| 300 |
|
|
|a 311 p.
|b fig.
|c 23 cm.
|
| 650 |
|
4 |
|a Αρχιτεκτονική, Σύγχρονη
|9 2959
|
| 650 |
|
4 |
|a Αρχιτεκτονική
|x Θεωρία
|9 5266
|
| 700 |
1 |
|
|a Jencks, Charles,
|d 1939-
|4 edt
|9 37649
|
| 700 |
1 |
|
|a Kropf, Karl
|9 26262
|
| 852 |
|
|
|a GR-PaULI
|b ΠΑΤΡΑ
|b ΑΡΧΙΤΕΚΤΟΝΙΚΗ
|k ΑΣΧΞ-2
|h 724.6 J
|m 000958
|p 025000089493
|t 1
|
| 942 |
|
|
|2 ddc
|c BK15
|
| 952 |
|
|
|0 0
|1 0
|4 0
|6 724_600000000000000_J
|7 0
|9 24543
|a ARCH
|b ARCH
|d 2016-04-24
|i 000958
|l 10
|m 5
|o 724.6 J
|p 025000089493
|r 2024-06-13 00:00:00
|s 2024-06-07
|t 1
|w 2016-04-24
|y BK15
|
| 998 |
|
|
|c MANIAKH
|d 2000-12
|
| 999 |
|
|
|c 15479
|d 15479
|